| 000 | 00000nam 2200000zi 4500 |
| 001 | 9.958113 |
| 003 | CaOODSP |
| 005 | 20260303081828 |
| 006 | m o d f |
| 007 | cr mn||||||||| |
| 008 | 251210e202512##onc ob f000 0 fre d |
| 040 | |aCaOODSP|bfre|erda|cCaOODSP |
| 043 | |an-cn--- |
| 045 | |ay1y2 |
| 086 | 1 |aXC16-1/1-451-4F-PDF |
| 110 | 1 |aCanada. |bParlement. |bChambre des communes. |bComité permanent des comptes publics, |eauteur, |eorganisme de publication. |
| 245 | 14|aLes forêts et les changements climatiques : |brapport du Comité permanent des comptes publics / |cle président, John Williamson. |
| 246 | 13|aForêts et les changements climatiques |
| 264 | 1|a[Ottawa] : |bChambre des communes, Canada = House of Commons, Canada, |cdécembre 2025. |
| 300 | |a1 ressource en ligne (vii, 39 pages). |
| 336 | |atexte|btxt|2rdacontent/fre |
| 337 | |ainformatique|bc|2rdamedia/fre |
| 338 | |aressource en ligne|bcr|2rdacarrier/fre |
| 490 | 1 |aRapport du Comité permanent des comptes publics ; |v4e rapport, 45e législature, 1re session |
| 500 | |aPublié aussi en anglais sous le titre : Forests and climate change: report of the Standing Committee on Public Accounts. |
| 500 | |aDate originale de publication : 2025/12/08. Republié : 2025/12/09. |
| 500 | |a« 45e législature, 1re session. » |
| 500 | |a« Quatrième rapport » -- Page vii. |
| 504 | |aComprend des références bibliographiques. |
| 520 | |a« Dans un rapport d'audit publié en 2023, le commissaire à l'environnement et au développement durable a indiqué que Ressources naturelles Canada, en collaboration avec Environnement et Changement climatique, n'avait pas adéquatement conçu et mis en Ĺ“uvre le programme fédéral visant la plantation de 2 milliards d'arbres. Le gouvernement fédéral a annulé son programme le 4 novembre 2025. Le président du Comité permanent des comptes publics a tout de même déposé à la Chambre des communes le rapport du Comité sur l'audit, dont les recommandations sont maintenant sans intérêt pratique, mais qui est conforme au devoir du Comité d'examiner l'audit » -- Fourni par l'éditeur. |
| 610 | 16|aCanada. |bRessources naturelles Canada|xAudit. |
| 610 | 16|aCanada. |bEnvironnement et changement climatique Canada|xAudit. |
| 650 | 6|aArbres|xPlantation|zCanada|xFinances. |
| 650 | 6|aArbres|xPlantation|xPolitique gouvernementale|zCanada. |
| 650 | 6|aProduits forestiers|xIndustrie|xAspect de l'environnement|zCanada. |
| 650 | 6|aGaz à effet de serre|xRéduction|xPolitique gouvernementale|zCanada. |
| 700 | 1 |aWilliamson, John, |d1970- |
| 775 | 08|tForests and climate change : |w(CaOODSP)9.958105 |
| 830 | #0|aRapport du Comité permanent des comptes publics ;|v4e rapport, 45e législature, 1re session.|w(CaOODSP)9.501704 |
| 856 | 40|qPDF|s2.78 Mo|uhttps://publications.gc.ca/collections/collection_2025/parl/xc16-1/XC16-1-1-451-4-fra.pdf |
| 856 | 4 |qHTML|sS.O.|uhttps://www.noscommunes.ca/documentviewer/fr/45-1/PACP/rapport-4 |